Top 10 Esports Awarding Prize Money - Statistics

General Stats
  • This quiz has been taken 166 times
  • The average score is 5 of 10
Answer Stats
Tournaments Total Money Games % Correct
2318 Tournaments $68,056,877 League of Legends
91%
1164 Tournaments $181,709,885 Dota 2
86%
4194 Tournaments $80,312,323 Counter-Strike: Global Offensive
83%
386 Tournaments $71,499,415 Fortnite
66%
657 Tournaments $15,929,025 Overwatch
45%
152 Tournaments $12,400,758 PLAYERUNKNOWN'S BATTLEGROUNDS
39%
5433 Tournaments $30,771,039 StarCraft II
39%
978 Tournaments $13,462,696 Counter-Strike
22%
835 Tournaments $17,451,148 Hearthstone
22%
451 Tournaments $18,026,372 Heroes of the Storm
7%
No matching quizzes found
Score Distribution
Percent of People with Each Score
Percentile by Number Answered
Your Score History
You have not taken this quiz